| 000 | 00931nam a22002777a 4500 | ||
|---|---|---|---|
| 001 | 9037 | ||
| 003 | FISKH | ||
| 005 | 20251118090446.0 | ||
| 008 | 251117b cb ||||| |||| 00| 0 eng d | ||
| 020 | _a9781845770778 | ||
| 040 |
_aFISKH _beng _cFISKH _dFISKH |
||
| 050 | _aPZ7 | ||
| 082 | _a398.2 | ||
| 100 |
_aBlack, Claire _eAuthor |
||
| 245 |
_aSnow white and the seven dwarfs / _cEdited by Claire Black ; Illustrated by Eric Kincaid |
||
| 260 |
_aChina : _bBerryland Books , _c2004 |
||
| 300 |
_a23 unnumbered pages : _bcolor illustrations ; _c23 cm |
||
| 505 | _aG | ||
| 520 | _aClassic story of Snow White with audio CD so your little one can listen to story while they follow along with the book. Great for beginning readers. | ||
| 521 | 8 |
_a300
_bLexile estimate |
|
| 521 | 8 |
_aG
_bRaz-Plus |
|
| 650 |
_aFairy tales _vSnow White |
||
| 700 |
_aKincaid, Eric _eIllustrator |
||
| 942 |
_2ddc _cBK _n0 |
||
| 999 |
_c9037 _d9037 |
||